| 000 | 00460cam a2200181 4500 | ||
|---|---|---|---|
| 001 | D9641 | ||
| 008 | 090401t1971 xxu||||| |||| 00| 0 eng d | ||
| 035 | _a(Sirsi) u21362 | ||
| 041 | _aeng | ||
| 050 | _a692.8 | ||
| 100 | _aWalker-Smith, Derek | ||
| 245 | 4 | _aThe Standard forms of building contract | |
| 260 |
_aCroydon _bCharles Knight and Co _c1971 |
||
| 300 | _a2 looseleaf updateable volumes. 25cm | ||
| 350 | _a0 | ||
| 942 | _n0 | ||
| 948 | _c04/03/1997 | ||
| 999 |
_c87960 _d87960 |
||